Piłkarze z największą ilością goli - Statystyki

Ogólne statystyki
  • Ten quiz został rozwiązany 1 258 razy
  • Średni wynik to 5 z 10
Statystyki odpowiedzi
Hint Odpowiedź % Poprawnych
766 Messi
100%
797 Ronaldo
99%
573 Lewandowski
87%
767 Pele
85%
566 Ibrahimovic
37%
720 Meuller
33%
706 Puskas
30%
615 Eusebio
18%
734 Romario
17%
636 Bican
14%
Nie znaleziono quizów pasujących do podanych kryteriów
Rozkład punktacji
Procent ludzi z każdym wynikiem
Percentyl według liczby udzielonych odpowiedzi
Twoja historia wyników
Nie rozwiązałeś tego quizu